LEADER 00835nam0-22002651i-450- 001 990007760640403321 035 $a000776064 035 $aFED01000776064 035 $a(Aleph)000776064FED01 035 $a000776064 100 $a20021010d--------km-y0itay50------ba 101 0 $aita 200 1 $a<>amministrazione della marina mercantile e dei porti in Italia e all'estero$e(Ordinamenti - Organi - Funzioni)$fGiuseppe Mosti. 210 $aRoma$cLa critica$d1940. 215 $a366 p.$d24 cm 676 $a343.096 700 1$aMosti,$bGiuseppe$0278919 801 0$aIT$bUNINA$gRICA$2UNIMARC 901 $aBK 912 $a990007760640403321 952 $a29-D-27$b1368 nav.$fDDCP 959 $aDDCP 996 $aAmministrazione della marina mercantile e dei porti in Italia e all'estero$9667500 997 $aUNINA DB $aGEN01